| 000 | 00598nam a2200145Ia 4500 | ||
|---|---|---|---|
| 008 | 151213s9999 xx 000 0 und d | ||
| 100 | _aঅধ্যাপক আজহার হোসাইন। | ||
| 245 |
_aএকটি যুগের ফসল _cঅধ্যাপক আজহার হোসাইন। |
||
| 260 |
_aঢাকা _bদি বেঙ্গল প্রিন্টিং ওয়ার্কস। _c2003 |
||
| 300 | _a8776 p. | ||
| 650 | _aBangla | ||
| 650 | _aপ্রবন্ধ | ||
| 700 | _aঅধ্যাপক আজহার হোসাইন। | ||
| 999 |
_c4561 _d4561 |
||